Statistics for Guess the Shinkansen Train

Click here to take the quiz!

General Stats

  • This quiz has been taken 35 times
  • The average score is 71 of 81

Answer Stats

QuestionTileSelect% Correct
700No
100%
700No
100%
700No
100%
700No
100%
100No
96%
300No
96%
500No
96%
E5No
96%
E5No
96%
300No
96%
E6No
96%
300No
96%
100No
96%
E6No
96%
100No
96%
E6No
96%
500No
96%
300No
96%
200No
96%
200No
96%
700No
96%
700No
96%
200No
96%
500No
96%
200No
96%
E5No
96%
500No
96%
E5No
96%
E6No
96%
N700SNo
91%
500No
91%
500No
91%
0No
91%
E6No
91%
0No
91%
E6No
91%
N700SNo
91%
E6No
91%
100No
91%
0No
91%
700No
91%
200No
91%
E5No
91%
E5No
91%
300No
91%
300No
91%
N700SNo
91%
100No
91%
100No
91%
0No
91%
N700SNo
91%
N700SNo
87%
N700SNo
87%
0No
87%
E5No
87%
0No
87%
N700SNo
87%
700No
87%
N700SNo
87%
200No
87%
300No
87%
300No
87%
100No
87%
200No
87%
500No
87%
500No
87%
0No
83%
0No
83%
E6No
78%
E5No
74%
N700SYes
74%
700Yes
70%
100No
70%
200No
70%
500Yes
70%
300Yes
70%
0Yes
65%
E6Yes
65%
100Yes
57%
E5Yes
57%
200Yes
48%

Score Distribution

Percentile by Number Answered

Percent of People with Each Score

Your Score History

You have not taken this quiz